LAW OF CONTRACT - II (Record no. 6933)

MARC details
000 -LEADER
fixed length control field 00444nam a22001817a 4500
005 - DATE AND TIME OF LATEST TRANSACTION
control field 20210904122544.0
008 - FIXED-LENGTH DATA ELEMENTS--GENERAL INFORMATION
fixed length control field 200608b xxu||||| |||| 00| 0 eng d
020 ## - INTERNATIONAL STANDARD BOOK NUMBER
ISBN 978-93-84852-61-0
041 ## - LANGUAGE CODE
Language code of text/sound track or separate title eng
082 ## - DEWEY DECIMAL CLASSIFICATION NUMBER
Classification number 346.4202
100 ## - MAIN ENTRY--AUTHOR NAME
Personal name KAPOOR, DR, S.K.
245 ## - TITLE STATEMENT
Title LAW OF CONTRACT - II
250 ## - EDITION STATEMENT
Edition statement 15th ed. 2019.
260 ## - PUBLICATION, DISTRIBUTION, ETC. (IMPRINT)
Place of publication ALLAHABAD
Name of publisher CENTRAL LAW AGENCY
300 ## - PHYSICAL DESCRIPTION
Number of Pages 399,; xxxvp.
650 ## - SUBJECT ADDED ENTRY--TOPICAL TERM
Topical Term LAW
942 ## - ADDED ENTRY ELEMENTS (KOHA)
Koha item type Books
Holdings
Lost status Damaged status Collection code Home library Current library Shelving location Date acquired Source of acquisition Cost, normal purchase price Full call number Accession Number Koha item type
    LAW JRU Library JRU Library SHELF-29-A 20/06/2020 PURCHESS 370.00 346.4202 24952 Books
    LAW JRU Library JRU Library SHELF-29-A 20/06/2020 PURCHESS 370.00 346.4202 24953 Books
    LAW JRU Library JRU Library SHELF-29-A 20/06/2020 PURCHESS 370.00 346.4202 24954 Books